[Event "FIDE Zone 3.4 Women-ch 2017"]
[Site "Tashkent"]
[Date "2017.06.21"]
[Round "6"]
[White "Saduakassova, Dinara"]
[Black "Baymuratova, Sevara"]
[Result "1-0"]
[WhiteElo "2440"]
[BlackElo "2118"]
[Annotator "TA"]
[PlyCount "125"]
[EventDate "2017.??.??"]
[EventType "tourn"]
[EventCountry "UZB"]
[SourceTitle "playchess.com"]
[Source "ChessBase"]
[SourceQuality "1"]

{[%evp 22,125,31,37,81,36,44,39,46,43,66,66,52,34,20,24,21,10,44,33,49,46,55,40,41,18,16,0,0,0,15,15,30,30,30,30,45,26,49,26,64,25,34,32,64,29,80,80,87,83,109,118,112,116,266,219,218,221,241,239,317,358,362,350,348,350,329,306,393,391,377,372,383,375,364,356,524,493,470,466,469,460,449,435,671,662,1491,1256,1546,1501,1867,1685,29958,12579,5582,4578,29974,29974,29974,29976,29982,29983,29984,29985,29985,29982]} 1. d4 d5 2. c4 c6 3. Nf3 Nf6 4. e3 g6 5. Nc3 Bg7 6. Be2 O-O 7. O-O dxc4 8. Bxc4 Bg4 9. Be2 Nbd7 10. e4 {D94: Grünfeld: 4 Nf3 Bg7 5 e3} Bxf3 11. Bxf3 e5 12. d5 {LiveBook: 10 Games. White is slightly better.} Re8 $146 ({Predecessor:} 12... Qe7 13. dxc6 bxc6 14. Qa4 Rfc8 15. Be3 Nc5 16. Qa3 Bf8 17. Rfd1 Ne6 18. Qxe7 Bxe7 {½-½ (55) Kozul,Z (2616)-Skoberne,J (2552) Istanbul 2012}) 13. Be3 cxd5 14. Nxd5 b6 15. Rc1 {Black must now prevent Nc7.} Rc8 16. Rxc8 Qxc8 17. Nxf6+ Nxf6 18. Qa4 Re7 19. Be2 h6 20. Rd1 Rd7 21. Rxd7 Qxd7 22. Bb5 Qc7 23. h3 Bf8 24. Bc6 Kg7 25. a3 Bd6 26. b4 Nh5 27. g3 Nf6 28. Kg2 Ng8 29. Ba8 Ne7 30. Qe8 {Hoping for Bxh6+!} Ng8 31. Bc6 Nf6 32. Qa8 Ng8 33. Bb7 (33. Qb7 {is more complex.} Qxb7 34. Bxb7 Ne7 35. Kf3 g5 36. Bd2) 33... Qb8 (33... a5 $1 $11) 34. Qxb8 $16 Bxb8 {[%mdl 4096] Endgame KBB-KBN} 35. Kf3 Bd6 36. Ke2 Nf6 37. Bc6 Ng8 {[#]} (37... Nh7 $16 {might work better.} 38. Kd3 Ng5) 38. Kd3 $1 $18 {[%cal Rd3c4]} Ne7 39. Bb7 f5 40. Kc4 g5 41. Kb5 Kf6 42. Ka6 f4 {...g4 is the strong threat.} 43. Bd2 Bb8 44. Ba8 h5 45. Kb7 Bd6 46. Kxa7 Bc7 47. a4 Ke6 48. Ka6 Nc8 (48... Kd6 {was necessary.} 49. Kb5 Nc8) 49. Bd5+ Kd7 50. b5 Bd6 51. Bc3 Bc5 52. Bxe5 Bxf2 (52... f3 $142 53. Bf7 Nd6 54. Bxh5 Ke6) 53. gxf4 g4 54. hxg4 hxg4 55. f5 {[%cal Bf4f5,Bf5f6,Bf6f7][%mdl 32]} g3 56. Be6+ Kd8 57. Bxg3 Bxg3 58. Bxc8 {KB-KB} Kc7 59. f6 {White mates.} Bd6 60. Be6 Bb4 61. f7 Bc5 62. a5 bxa5 {[#]} 63. b6+ $1 {Precision: White = 81%, Black = 29%.} 1-0

[Event "FIDE Zone 3.4 Women-ch 2017"]
[Site "Tashkent"]
[Date "2017.06.21"]
[Round "6"]
[White "Kurbonboeva, Sarvinoz"]
[Black "Nurgali, Nazerke"]
[Result "1-0"]
[WhiteElo "2209"]
[BlackElo "2008"]
[Annotator "TA"]
[PlyCount "103"]
[EventDate "2017.??.??"]
[EventType "tourn"]
[EventCountry "UZB"]
[SourceTitle "playchess.com"]
[Source "ChessBase"]
[SourceQuality "1"]

{[%evp 23,103,35,31,-6,13,6,13,7,16,17,19,22,36,16,23,20,18,23,53,52,78,78,68,75,87,68,86,54,52,34,213,214,227,201,208,172,159,96,273,80,79,82,77,79,411,400,402,400,316,235,241,241,378,378,371,369,347,333,683,653,543,515,12826,12832,12830,12828,6614,2632,12837,12838,12838,12839,12839,12839,12840,12840,12841,12840,12841,12841,12840,12837]} 1. d4 Nf6 2. c4 e6 3. Nc3 d5 4. cxd5 exd5 5. Bg5 Be7 6. e3 O-O 7. Bd3 h6 8. Bh4 b6 9. Rc1 Bb7 10. Nf3 Nbd7 11. O-O Ne4 12. Bxe7 Qxe7 13. Bb1 {D58: Queen's Gambit Declined: Tartakower Defence} (13. Qb3 $5 {[%cal Rc3d5]}) (13. Qa4 c5 14. Rfd1 Nxc3 15. Rxc3 c4 16. Bf5 Nf6 17. b3 g6 18. Bb1 cxb3 19. Qxb3 Rfc8 20. Rdc1 Rxc3 21. Rxc3 Rc8 22. Ne5 Rxc3 23. Qxc3 Qd6 24. f3 {½-½ (24) Margvelashvili,G (2532)-Colas,J (2374) Philadelphia 2016}) 13... Ndf6 14. Ne5 c5 15. f3 {The position is equal.} Nd6 $146 ({Predecessor:} 15... Nxc3 16. bxc3 c4 17. Qe2 b5 18. e4 Rfe8 19. Rce1 Qd6 20. Qc2 Re6 21. exd5 Bxd5 {½-½ (63) Moiseev,M-Irinin Ufa 1996}) 16. Re1 Rfd8 17. Qc2 g6 18. b3 Rac8 19. Qf2 Rc7 20. Ne2 Rdc8 21. Nf4 cxd4 22. Rxc7 Qxc7 23. exd4 g5 24. Ne2 Ba6 25. Ng3 Qc3 26. h4 gxh4 $2 (26... Re8 $14) 27. Nf5 $18 Nxf5 28. Bxf5 Rc7 29. Qxh4 {And now Kh2 would win.} Qd2 30. Qxf6 (30. Qg3+ $142 $1 Kh8 31. Nd7) 30... Qxe1+ $16 31. Kh2 Qc1 {aiming for ...Qf4+.} 32. Bd7 $36 {[%mdl 2048] White has strong initiative.} Rxd7 33. Nxd7 {Qd8+ is the strong threat.} Qc7+ $2 {[%mdl 8192]} (33... Qg5 $16 {is more resistant.}) 34. Ne5 $18 Bd3 35. Qxh6 Bb1 36. f4 {Black must now prevent Qg5+.} Qc8 37. Qf6 Qe6 (37... Qf5 $142 38. Qxf5 Bxf5) 38. Qxe6 $1 fxe6 {[%mdl 4096] Endgame [#] KB-KN} 39. a3 $1 {[%cal Ba2a3,Ba3b4][%mdl 32]} Kg7 40. b4 a5 $2 (40... Bc2 41. g4 Kf6) 41. Nd7 {White is clearly winning.} axb4 42. axb4 b5 (42... Bc2 $142 43. Nxb6 Kf7) 43. Ne5 Kf6 {[#]} 44. g4 $1 Bc2 45. Kg3 Bd1 46. Kh4 Be2 47. Kh5 Kg7 48. Kg5 Bd1 49. f5 exf5 50. Kxf5 Bb3 51. g5 Bc4 52. Ke6 {Precision: White = 81%, Black = 38%.} 1-0

[Event "FIDE Zone 3.4 Women-ch 2017"]
[Site "Tashkent"]
[Date "2017.06.21"]
[Round "6"]
[White "Geldiyeva, Mahri"]
[Black "Tokhirjonova, Gulrukhbegim"]
[Result "0-1"]
[WhiteElo "2151"]
[BlackElo "2293"]
[Annotator "TA"]
[PlyCount "130"]
[EventDate "2017.??.??"]
[EventType "tourn"]
[EventCountry "UZB"]
[SourceTitle "playchess.com"]
[Source "ChessBase"]
[SourceQuality "1"]

{[%evp 17,130,-2,0,0,-9,-24,-12,-12,0,-14,8,-40,-31,-32,-27,-34,-31,-31,-27,-47,-39,-58,-7,-8,-8,-25,-30,-47,-37,-44,-42,-41,-33,-38,-35,-39,-34,-34,-31,-33,-31,-54,0,0,0,-48,-33,-68,-68,-73,-10,-129,-120,-141,-141,-141,-141,-141,-82,-85,-14,-24,-8,-10,0,0,0,0,0,0,0,0,0,-8,-8,-8,-8,-8,-8,-8,-8,-47,-8,0,0,-669,-647,-662,-662,-647,-647,-647,-647,-647,-640,-632,-618,-576,-360,-5102,-5102,-29964,-29963,-29959,-4245,-29959,-29962,-29974,-29976,-29976,-29977,-29977,-29978,-29979,-29979]} 1. d4 d5 2. e3 Bf5 3. c4 c6 4. Nc3 e6 5. Nf3 Nd7 6. Be2 Bd6 7. O-O h6 8. b3 Ngf6 9. Bb2 {D12: Slav Defence: 3 Nf3 Nf6 4 e3 Bf5} O-O {LiveBook: 34 Games} 10. Nh4 (10. Rc1 Qe7 11. h3 Ne4 12. Bd3 Nxc3 13. Bxc3 Bxd3 14. Qxd3 Bb4 15. Bxb4 Qxb4 16. e4 dxe4 17. Qxe4 {1-0 (28) Radjabov,T (2788)-Chadaev,N (2580) Astana 2012}) 10... Bh7 11. f4 {The position is equal.} Ne4 12. Nf3 Ndf6 $146 ({Predecessor:} 12... Nxc3 13. Bxc3 Nf6 14. Bb2 Qe7 15. Nd2 a5 16. c5 Bc7 {0-1 (34) Rudnik,H (2156)-Weyrauch,E (2087) Dresden 2006}) 13. Ne5 a5 14. a3 (14. Na4 {looks sharper.} Bc7 15. Bf3 Qe7 16. Re1 Qb4 17. Re2) 14... Nxc3 15. Bxc3 Ne4 16. Be1 f6 17. Nd3 b6 18. Nf2 Qe7 19. a4 Kh8 (19... e5 $15) 20. Nxe4 $11 Bxe4 21. Bh4 Rac8 22. Bd3 Bxd3 23. Qxd3 c5 24. cxd5 exd5 25. dxc5 Bxc5 26. Bf2 Rcd8 27. Rad1 Rfe8 {[%cal Rc5e3]} 28. Rfe1 Qe4 29. g3 Qf3 30. Qe2 Qe4 {Threatens to win with ...d4.} 31. Qd3 $1 f5 32. Qb5 Rc8 $36 {[%mdl 2048] Black has some pressure.} 33. Qd3 Red8 (33... Bb4 $1 $17 {[%cal Rb4e1]} 34. Rf1 Rcd8) 34. h3 {[#]} (34. Re2 $11 {remains equal.}) 34... Bb4 $1 $17 {[%cal Rb4e1]} 35. Qxe4 dxe4 36. Rxd8+ Rxd8 {[%mdl 4096] Endgame KRB-KRB} 37. Rb1 h5 (37... Rd3 $142 38. g4 g6 39. gxf5 gxf5) 38. g4 fxg4 ({Black should play} 38... Bc5 $17 39. gxf5 Rd3) 39. hxg4 $11 hxg4 {Threatening ...Bc5.} 40. Kg2 Rd3 41. Kg3 Bc5 42. Kxg4 Bxe3 43. Bxe3 Rxe3 {KR-KR} 44. Kf5 Kh7 45. b4 Ra3 46. bxa5 bxa5 47. Kxe4 Rxa4+ 48. Kf5 Rb4 49. Rh1+ Kg8 {White must now prevent ...a4.} 50. Rc1 $1 Rb5+ (50... Ra4 {feels hotter.} 51. Kg5 Ra2 52. Kg6 Kf8 53. Rc8+ Ke7) 51. Kg6 $2 {[%mdl 8192]} (51. Kg4 $11) 51... Rb6+ $19 52. Kg5 {[#] intending Rc8+.} Ra6 $1 53. Rc8+ Kh7 54. Rc3 a4 55. Ra3 Ra5+ 56. Kg4 Kg6 57. Kg3 Kf6 58. Kg4 $2 (58. Kf3) 58... Ke6 59. Kg3 Kd5 60. Kf3 Kd4 (60... Kc5 $142 61. Rc3+ Kb6 62. Ra3 Kb5 63. Re3 a3 64. Re5+ Kb6 65. Re6+ Kc5 66. Re5+ Kb4 67. Re4+ Kc3 68. Re3+ Kc2 69. Re2+ Kd3 70. Re3+ Kc2 71. Re2+ Kb3 72. Re3+ Kc2) 61. Kg4 Kc4 {Black mates.} 62. f5 Kb4 63. Ra1 a3 64. Kg5 Ra6 65. Rb1+ Kc3 {Precision: White = 46%, Black = 56%.} 0-1

[Event "FIDE Zone 3.4 Women-ch 2017"]
[Site "Tashkent"]
[Date "2017.06.22"]
[Round "7"]
[White "Tokhirjonova, Gulrukhbegim"]
[Black "Ovezdurdiyeva, Jemal"]
[Result "1-0"]
[WhiteElo "2293"]
[BlackElo "2022"]
[Annotator "NA"]
[PlyCount "87"]
[EventDate "2017.??.??"]
[EventType "tourn"]
[EventCountry "UZB"]
[SourceTitle "playchess.com"]
[Source "ChessBase"]
[SourceQuality "1"]
[TimeControl "40/5400+30:1800+30"]

1. e4 {[%emt 0:00:46]} c5 {[%emt 0:00:19]} 2. Nf3 {[%emt 0:00:19]} d6 {[%emt 0:00:11]} 3. d4 {[%emt 0:00:06]} cxd4 {[%emt 0:00:11]} 4. Qxd4 {[%emt 0:00:03]} Nc6 {[%emt 0:00:29]} 5. Bb5 {[%emt 0:00:21]} a6 {[%emt 0:01:29]} 6. Bxc6+ {[%emt 0:00:18] B53: Sicilian: 2...d6: Lines with Qxd4} bxc6 {[%emt 0:00:06]} 7. c4 {[%emt 0:00:06]} (7. O-O e5 8. Qa4 Qc7 9. c4 Nf6 10. c5 Bg4 11. Nbd2 Nd7 12. cxd6 Bxd6 13. h3 Bh5 {1-0 (45) Andreikin,D (2736)-Sakaev,K (2594) Sochi 2016}) 7... e5 {[%emt 0:00:55]} 8. Qd3 {[%emt 0:00:21]} Ne7 {[%emt 0:04:17]} 9. Nc3 {[%emt 0:00:54]} f6 $146 {[%emt 0:00:39]} ({Predecessor:} 9... Ng6 10. h4 Rb8 11. b3 Qa5 12. O-O f6 13. Bd2 Nf4 14. Bxf4 exf4 {1-0 (29) Fridman,R (2309)-Klups,C Essen Borbeck 1999}) 10. Be3 {[%emt 0:00:37]} Ng6 {[%emt 0:03:58]} 11. O-O {[%emt 0:03:57]} Be7 {[%emt 0:04:02]} 12. h3 {[%emt 0:00:46]} O-O {[%emt 0:02:14]} 13. c5 {[%emt 0:01:51]} Be6 {[%emt 0:07:46]} 14. cxd6 {[%emt 0:02:04]} Bxd6 {[%emt 0:03:12]} 15. Rfd1 {[%emt 0:01:29]} Be7 {[%emt 0:03:26]} 16. Qxd8 {[%emt 0:06:12]} Rfxd8 {[%emt 0:01:27]} 17. b3 {[%emt 0:03:34]} Nf8 {[%emt 0:07:25]} 18. Na4 {[%emt 0:02:24]} Nd7 {[%emt 0:17:26]} 19. Rac1 {[%emt 0:01:08]} Rac8 {[%emt 0:02:24]} 20. Kf1 {[%emt 0:03:16]} Kf7 {[%emt 0:05:46]} 21. Ke2 {[%emt 0:01:02]} Ba3 {[%emt 0:02:30]} 22. Rc2 {[%emt 0:02:19]} Ke7 {[%emt 0:01:42]} 23. Nd2 {[%emt 0:01:57]} c5 {[%emt 0:11:29]} 24. Nc4 {[%emt 0:01:26]} Bxc4+ {[%emt 0:04:01]} 25. Rxc4 {[%emt 0:00:16]} Rc6 {[%emt 0:02:04]} 26. Rc2 {[%emt 0:12:25]} Rdc8 {[%emt 0:02:45]} 27. Rd5 {[%emt 0:00:53]} R8c7 {[%emt 0:03:09]} 28. g3 {[%emt 0:04:51]} Ke6 {[%emt 0:01:24]} 29. Rd3 {[%emt 0:01:38]} Nb6 {[%emt 0:02:41]} 30. Nxb6 {[%emt 0:01:43]} Rxb6 {[%emt 0:00:01]} 31. f4 {[%emt 0:00:34]} g6 {[%emt 0:01:37]} 32. fxe5 {[%emt 0:02:06]} fxe5 {[%emt 0:00:43]} 33. Rd8 {[%emt 0:01:10]} Rd6 {[%emt 0:02:14]} 34. Re8+ {[%emt 0:02:28]} Kf6 {[%emt 0:00:06]} 35. g4 {[%emt 0:00:29]} Re6 {[%emt 0:00:51]} 36. Rd8 {[%emt 0:00:32]} Rec6 {[%emt 0:01:04] [#]} 37. Kd3 $1 {[%emt 0:01:41]} Ke7 {[%emt 0:00:28]} 38. Bg5+ {[%emt 0:01:11]} Kf7 {[%emt 0:00:12]} (38... Ke6 {is a better defense.} 39. Re8+ Kf7 40. Rxe5 Rd7+ 41. Rd5 Ke6) 39. Kc4 {[%emt 0:00:54]} Re6 $18 {[%emt 0:02:16]} (39... Kg7 {keeps fighting.} 40. Rf2 h6) 40. Kd5 {[%emt 0:01:53]} Rcc6 {[%emt 0:30:51]} 41. Rf2+ {[%emt 0:30:16]} Kg7 {[%emt 0:00:00]} 42. Rd7+ {[%emt 0:00:00]} Kg8 {[%emt 0:00:00]} 43. Bh6 {[%emt 0:00:00]} Rf6 {[%emt 0:00:00]} 44. Rd8+ {[%emt 0:00:00]} 1-0

[Event "FIDE Zone 3.4 Women-ch 2017"]
[Site "Tashkent"]
[Date "2017.06.22"]
[Round "7"]
[White "Baymuratova, Sevara"]
[Black "Kurbonboeva, Sarvinoz"]
[Result "0-1"]
[WhiteElo "2118"]
[BlackElo "2209"]
[Annotator "TA"]
[PlyCount "82"]
[EventDate "2017.??.??"]
[EventType "tourn"]
[EventCountry "UZB"]
[SourceTitle "playchess.com"]
[Source "ChessBase"]
[SourceQuality "1"]

{[%evp 23,82,-17,1,4,0,2,6,4,12,25,21,28,48,55,42,25,52,57,74,62,74,64,72,23,49,62,93,47,76,36,42,45,54,44,42,45,43,29,40,40,115,113,144,147,152,141,313,200,399,331,264,255,250,241,335,320,468,-857,-849,-1134,-838]} 1. d4 d5 2. c4 e6 3. Nc3 c6 4. e3 Nf6 5. Nf3 Nbd7 6. Bd3 dxc4 7. Bxc4 b5 8. Bd3 Bd6 9. O-O O-O 10. Qc2 Bb7 11. e4 e5 12. Ne2 Re8 13. Bg5 {D46: Semi-Slav: 5 e3 Nbd7 6 Bd3, Black avoids the Meran} h6 14. Bh4 Qb6 {[#]} 15. dxe5 $146 {The position is equal.} ({Predecessor:} 15. Rad1 c5 16. dxe5 Bxe5 17. Nxe5 Rxe5 18. Nc3 c4 19. Be2 Rae8 20. Bf3 a6 {0-1 (33) Van Wely,L (2679)-Nakamura,H (2648) Bastia 2007}) 15... Bxe5 16. Nxe5 Rxe5 17. Nc3 a6 18. Kh1 c5 {next ...c4 is good for Black.} 19. f3 (19. f4 $5 {[%cal Rf4e5]} Rh5 20. Bxf6 Nxf6 21. Be2 $14) 19... Rc8 20. Rfd1 c4 {[#]} 21. Bf1 $1 Ree8 22. Bf2 Qe6 23. Rd4 Ne5 24. Rad1 Nh5 25. Be3 Qe7 26. Nd5 Bxd5 27. Rxd5 Nf6 28. R5d2 Red8 29. a4 Rxd2 30. Rxd2 b4 31. Bd4 Nfd7 ({Black should play} 31... Ne8 $14) 32. f4 $16 c3 33. bxc3 (33. Bxe5 Nxe5 34. fxe5 b3 $11) 33... Ng6 34. Bxa6 {[%cal Bf1a6,Ba6b5,Bb5c6][%mdl 32]} Ra8 $2 (34... Rc7 $16 {was worth a try.}) 35. Bb5 Nf6 $2 (35... Rc8 {keeps fighting.} 36. c4 Nc5) 36. e5 Nd5 37. Bc6 Rd8 38. g3 bxc3 39. Bxc3 Qc5 (39... Nxc3 $142 40. Qxc3 Rxd2 41. Qxd2 Qc5) 40. Rxd5 $4 {[%mdl 8192]} (40. Bxd5 $18 Rxd5 {[#]} 41. Bb4 $1 {[%mdl 512]} Qxc2 42. Rxc2) 40... Qxc6 $19 41. Kg1 Qxd5 {Precision: White = 72%, Black = 36%.} 0-1

[Event "FIDE Zone 3.4 Women-ch 2017"]
[Site "Tashkent"]
[Date "2017.06.22"]
[Round "7"]
[White "Velieva, Hurma"]
[Black "Saduakassova, Dinara"]
[Result "0-1"]
[WhiteElo "2005"]
[BlackElo "2440"]
[Annotator "TA"]
[PlyCount "130"]
[EventDate "2017.??.??"]
[EventType "tourn"]
[EventCountry "UZB"]
[SourceTitle "playchess.com"]
[Source "ChessBase"]
[SourceQuality "1"]

{[%evp 15,130,30,26,0,41,22,28,32,24,23,27,15,51,14,100,35,27,27,33,29,31,30,35,18,34,0,0,0,8,0,0,0,33,34,58,60,114,0,0,0,0,0,0,0,0,0,0,0,0,0,0,0,0,0,0,0,0,0,0,0,0,0,0,-34,-39,-55,-67,-64,-25,-79,-74,-231,-232,-236,-240,-220,-219,-277,-273,-278,-262,-259,-232,-271,-256,-337,-393,-411,-397,-431,-368,-360,-302,-491,-427,-440,-430,-507,-477,-461,-420,-513,-415,-402,-387,-519,-519,-513,-503,-416,-387,-29978,-29979,-29976,-29977,-5306,-206]} 1. e4 e5 2. Nf3 Nc6 3. Bc4 Bc5 4. d3 Nf6 5. Nc3 h6 6. h3 d6 7. O-O Be6 8. Bxe6 fxe6 9. Be3 {C50: Hungarian Defence and Giuoco Pianissimo} Bb4 (9... Bxe3 10. fxe3 Qd7 11. d4 O-O-O 12. a3 Rhf8 13. b4 exd4 14. exd4 Ne7 15. Qd3 g5 16. b5 Nh5 {0-1 (43) Fortunata,F (2133)-Muminova,N (2321) Kuala Lumpur 2013}) 10. Ne2 Qd7 $146 ({Predecessor:} 10... Qe7 11. c3 Ba5 12. Ng3 d5 13. Nh4 Nxe4 14. Ng6 Qf6 15. Nxh8 Nd6 16. Qh5+ Nf7 17. Nxf7 Qxf7 18. Qxf7+ Kxf7 {1-0 (51) Weishaupt,D-Bachhuber,D Germany 2005}) 11. c3 {White has an edge.} Ba5 12. b4 Bb6 13. a4 Ne7 14. Qb3 (14. Bxh6 $5 Rxh6 15. a5 $14) 14... Ng6 (14... Bxe3 $11 15. fxe3 a5) 15. a5 (15. d4 $16 {Black must now prevent a5.} exd4 16. cxd4) 15... Bxe3 $14 16. fxe3 a6 17. Ng3 O-O 18. Rad1 Rae8 19. d4 Qf7 20. dxe5 Nxe5 21. Nxe5 dxe5 22. Qc4 Qg6 23. Rf3 Nh7 24. Rxf8+ Rxf8 25. Kh2 $1 Ng5 (25... c6 $14) 26. Rf1 (26. Qxc7 $16 Rf2 27. h4 Nxe4 28. Qxe5) 26... Rf7 $11 27. Rxf7 Qxf7 28. Kg1 Qd7 29. Qe2 Qc6 30. Qd3 Nf7 31. Nf1 Nd6 32. Nd2 b6 33. axb6 cxb6 34. Nf3 Nc4 35. Nd2 $1 Nd6 36. Nf3 Nxe4 37. Qxa6 Nxc3 38. Nxe5 Qc7 39. Nf3 Nd5 40. Qa3 Qc4 41. Nd4 Qxb4 42. Qa8+ {[#]} (42. Qxb4 $11 Nxb4 43. Nxe6) 42... Kf7 $1 $17 {aiming for ...Qe1+.} 43. Nf3 $2 (43. Qb7+ $17 Kf6 44. Qc8) 43... Qe4 $19 ({Don't take} 43... Nxe3 44. Qa7+ Kg8 45. Qd7) 44. Qb7+ Kf6 45. Qc8 Qxe3+ ({Not} 45... Nxe3 46. Qf8+ Kg6 47. Qe8+ Kh7 {[#]} 48. Ng5+ $1 {[%mdl 512]} hxg5 49. Qh5+ Kg8 50. Qe8+ Kh7 51. Qh5+ Kg8 52. Qe8+ Kh7 $11) 46. Kh2 Qc5 47. Qd8+ Qe7 48. Qa8 Qc7+ 49. Kg1 Qc5+ 50. Kh2 b5 {[%cal Bb6b5,Bb5b4][%mdl 32]} 51. Qa1+ Qc3 52. Qf1 Qc7+ 53. Kh1 b4 54. Qe1 $2 (54. Nd4+ Qf4 55. Qa1) 54... Qf4 55. Qa1+ Kg6 56. Qb1+ Kf7 57. Qa1 Kg8 58. Qa4 Kh7 59. Qc2+ Qf5 60. Qb3 Qe4 61. Qb2 Nf4 62. Kh2 Ne2 63. Nd2 $2 (63. Kh1 $19) 63... Qf4+ 64. Kh1 Ng3+ 65. Kg1 Qe3+ {Precision: White = 45%, Black = 66%.} 0-1

[Event "FIDE Zone 3.4 Women-ch 2017"]
[Site "Tashkent"]
[Date "2017.06.23"]
[Round "8"]
[White "Saduakassova, Dinara"]
[Black "Hallaeva, Bahar"]
[Result "1-0"]
[WhiteElo "2440"]
[BlackElo "2072"]
[Annotator "TA"]
[PlyCount "111"]
[EventDate "2017.??.??"]
[EventType "tourn"]
[EventCountry "UZB"]
[SourceTitle "playchess.com"]
[Source "ChessBase"]
[SourceQuality "1"]

{[%evp 22,111,23,2,32,29,39,37,39,29,50,57,56,61,59,36,38,36,40,13,28,13,29,25,47,32,68,66,66,68,58,53,88,96,153,138,167,154,287,281,270,260,266,194,185,170,493,493,460,489,438,431,525,604,595,607,587,597,593,584,607,606,29974,29976,29977,29978,29976,29979,29978,29980,29978,1895,5193,5193,1922,1812,6020,6083,5916,5006,5850,5377,2207,2241,29986,29987,29987,29988,29988,29989,29989,29990]} 1. d4 Nf6 2. c4 e6 3. Nf3 b6 4. g3 Bb4+ 5. Bd2 Be7 6. Nc3 Bb7 7. Bg2 c6 8. O-O d5 9. b3 O-O 10. Bf4 Nbd7 11. Qc2 {E07: Closed Catalan: Main Line (5 Nf3 0-0 6 0-0 Nbd7)} Rc8 (11... h6 12. Rfd1 Rc8 13. e4 Ba6 14. Ne5 Nh5 15. Be3 Nhf6 16. Rac1 Ba3 17. Rb1 Bb4 18. Nxd7 Nxd7 {1-0 (44) Zablotsky,S (2518)-Grachev,B (2628) Sochi 2016}) 12. e4 {LiveBook: 10 Games} dxe4 13. Nxe4 {White is slightly better.} Nxe4 14. Qxe4 Nf6 15. Qe2 h6 $146 ({Predecessor:} 15... c5 16. Rad1 cxd4 17. Nxd4 Bxg2 18. Kxg2 {1-0 (56) Mlynek,P (2254)-Svub,J (2126) Czechia 2006}) 16. Rad1 Ba3 17. Ne5 Qe7 18. Ng4 Rfd8 19. Ne3 Bd6 20. Bxd6 Qxd6 21. Rd2 Qf8 22. Rc1 Rd7 23. c5 b5 24. a4 a6 25. h4 {[%cal Bh2h4,Bh4g5][%mdl 32]} Qd8 26. Rcd1 Qa5 27. g4 Qc7 (27... Nh7 $142) 28. g5 $16 hxg5 29. hxg5 Nd5 (29... Nh7 $16) 30. Bxd5 $18 exd5 31. Qf3 Re8 32. Nf5 Bc8 33. Kg2 Re4 $2 (33... Rdd8) 34. Rh1 {Intending Qh5 and mate.} Qf4 35. Qxf4 Rxf4 36. Nd6 Rd8 37. f3 Rf5 38. Nxf5 Bxf5 39. axb5 axb5 {[%mdl 4096] Endgame KRR-KRB} 40. Ra2 Re8 41. Kg3 g6 42. Rah2 Kf8 43. Rh8+ Ke7 44. Re1+ Be6 45. Rxe8+ Kxe8 {[#] KR-KB} 46. Ra1 (46. Rxe6+ $142 $1 {[%mdl 512]} fxe6 47. Kf4 Kd7 48. Ke5 Ke7 49. b4 Kf7 50. Kd6 e5 51. Kxe5) 46... Bf5 47. Ra8+ Ke7 48. Ra7+ Bd7 49. Kf4 Ke6 50. Ra8 f6 51. Rg8 Kf7 52. Rd8 Ke7 {[#]} 53. Rxd7+ $1 {[%mdl 512] White mates.} Kxd7 54. gxf6 Ke6 55. Kg5 Kf7 56. b4 {Precision: White = 82%, Black = 29%.} 1-0

[Event "FIDE Zone 3.4 Women-ch 2017"]
[Site "Tashkent"]
[Date "2017.06.23"]
[Round "8"]
[White "Geldiyeva, Mahri"]
[Black "Kurbonboeva, Sarvinoz"]
[Result "1/2-1/2"]
[WhiteElo "2151"]
[BlackElo "2209"]
[Annotator "NA RC"]
[PlyCount "90"]
[EventDate "2017.??.??"]
[EventType "tourn"]
[EventCountry "UZB"]
[SourceTitle "playchess.com"]
[Source "ChessBase"]
[SourceQuality "1"]
[TimeControl "40/5400+30:1800+30"]

1. d4 {[%emt 0:00:00]} Nf6 {[%emt 0:00:06]} 2. c4 {[%emt 0:00:00]} g6 {[%emt 0:00:17]} 3. Nc3 {[%emt 0:00:00]} Bg7 {[%emt 0:00:05]} 4. e4 {[%emt 0:00:00]} d6 {[%emt 0:00:12]} 5. h3 {[%emt 0:01:53]} O-O {[%emt 0:00:10]} 6. Bg5 {[%emt 0:01:16]} c5 {[%emt 0:02:06]} 7. d5 $1 {[%emt 0:01:06]} e6 {[%emt 0:00:25]} 8. Be2 {[%emt 0:12:05]} exd5 {[%emt 0:02:16]} 9. exd5 {[%emt 0:00:33]} Re8 {[%emt 0:02:11]} 10. Nf3 {[%emt 0:00:50]} h6 {[%emt 0:07:09]} 11. Be3 {[%emt 0:06:18]} Ne4 {[%emt 0:12:32] E74: King's Indian: Averbakh Variation: 6...c5} (11... Bf5 12. Bd3 Ne4 13. Nxe4 Bxe4 14. Bxe4 Rxe4 15. Qc2 f5 16. O-O Nd7 17. Rae1 Qf6 18. Bc1 Rae8 19. Rxe4 Rxe4 {1-0 (42) Dao,T (2493)-Fier,A (2583) Jakarta 2011}) 12. Nxe4 {[%emt 0:03:23]} Rxe4 {[%emt 0:00:06]} 13. Bd3 {[%emt 0:04:03]} Re8 {[%emt 0:02:33]} 14. O-O {[%emt 0:04:49]} Qf6 {[%emt 0:18:26]} 15. Rb1 {[%emt 0:03:11]} Nd7 $146 {[%emt 0:05:35]} ({Predecessor:} 15... Na6 16. a3 Nc7 17. b4 b6 18. bxc5 bxc5 19. Nd2 {½-½ (27) Olivera,H (2257)-Converset,J (2252) Buenos Aires 2004}) 16. Qa4 {[%emt 0:05:00]} Re7 {[%emt 0:08:46]} 17. Bd2 {[%emt 0:12:44]} Nb6 {[%emt 0:10:00]} 18. Qd1 {[%emt 0:01:34]} Re8 {[%emt 0:00:11]} 19. Qc1 {[%emt 0:07:14]} (19. Bc3 $16 Qd8 20. Qd2 (20. Bxg7 Kxg7 21. a4 Qf6 $14)) 19... Kh7 {[%emt 0:05:53]} 20. Bc3 {[%emt 0:05:23]} Qd8 {[%emt 0:00:07]} 21. Bxg7 {[%emt 0:05:49]} (21. Qf4 $5 {[%cal Rf4f7]} f5 22. Qd2 $16) 21... Kxg7 {[%emt 0:00:04]} 22. Qc3+ {[%emt 0:00:52]} Qf6 $1 {[%emt 0:00:15]} 23. Qxf6+ {[%emt 0:06:03]} Kxf6 {[%emt 0:00:01]} 24. g4 {[%emt 0:00:01]} Kg7 $11 {[%emt 0:05:08]} 25. Kg2 {[%emt 0:04:45]} f5 {[%emt 0:01:03]} 26. g5 {[%emt 0:01:57]} Bd7 {[%emt 0:02:27]} 27. b3 {[%emt 0:00:30]} Re7 {[%emt 0:01:49]} 28. h4 {[%emt 0:01:09]} Rae8 {[%emt 0:00:53]} 29. Rh1 {[%emt 0:01:19]} Rh8 {[%emt 0:01:30]} 30. Rhe1 {[%emt 0:01:20]} Rhe8 {[%emt 0:01:08]} 31. Rxe7+ {[%emt 0:01:13]} Rxe7 {[%emt 0:00:01]} 32. Re1 {[%emt 0:00:01]} Nc8 {[%emt 0:04:51]} 33. Kg3 {[%emt 0:01:42]} a6 {[%emt 0:01:06]} 34. Kf4 {[%emt 0:01:36]} h5 {[%emt 0:02:10]} 35. Rxe7+ {[%emt 0:01:50]} Nxe7 {[%emt 0:00:01]} 36. Ne1 {[%emt 0:00:41]} b5 {[%emt 0:00:43]} 37. Ke3 {[%emt 0:00:24]} b4 {[%emt 0:02:46]} 38. Ng2 {[%emt 0:01:07]} Nc8 {[%emt 0:00:20]} 39. Nf4 {[%emt 0:00:42]} Kf7 {[%emt 0:00:46]} 40. Ne2 {[%emt 0:00:55]} a5 {[%emt 0:30:52]} 41. Kf4 {[%emt 0:32:18]} a4 {[%emt 0:01:42]} 42. Ng3 {[%emt 0:00:00]} a3 {[%emt 0:00:00]} 43. Ke3 {[%emt 0:00:00]} Nb6 {[%emt 0:00:00]} 44. Ne2 {[%emt 0:00:00]} Bc8 {[%emt 0:00:00]} 45. f4 {[%emt 0:00:00]} Bd7 {[%emt 0:00:00] Ke4} 1/2-1/2